000 01017nam a22003257a 4500
001 BR0601444
003 BR-BrBNA
005 20230928102118.0
007 ta
008 230509b bl.||||| |||| 00| 0 por d
040 _aBR-BrBNA
_bpor
_cBiblioteca Nacional de Agricultura
041 _a(Por)
072 _aE73; E70
090 _ E73 BR0601444
100 1 _aVilas Boas, L.H. de B.
110 1 _aUniversidade Federal de Lavras, MG (Brasil)
_0Tese (Doutorado)
245 1 _aComportamento do consumidor de produtos orgânicos: uma análise na perspectiva da teoria da cadeia de meios e fins
260 3 _aLavras, MG (Brasil):
_c2005.
300 _a222 p.
500 _aSummaries (Eng, Por); Bibliography p. 196-206; 22 tables; 12 illus.
650 _aPRODUTO
650 _aAGRICULTURA ORGÂNICA
650 _aPADRÃO DE ALIMENTO
650 _aCONSUMO ALIMENTAR
650 _aCONSUMIDOR
650 _aMERCADO
650 _aHÁBITO ALIMENTAR
909 _a202309
_bLucia
_c55
_dLucia Elande
942 _cBK
999 _c69195
_d69195